| 000 | 00490nam a2200169Ia 4500 | ||
|---|---|---|---|
| 999 |
_c12795 _d12795 |
||
| 003 | OSt | ||
| 005 | 20201015102941.0 | ||
| 008 | 190216s9999||||xx |||||||||||||| ||und|| | ||
| 040 | _coclc | ||
| 082 |
_a823.91 _bMAL/D |
||
| 100 |
_aMalgonkar, Manohar _93685 |
||
| 245 | 0 |
_aDistant Drum / _cManohar Malgonkar |
|
| 260 |
_bHind Pocket Books Pvt Ltd, _c1960. _aNew delhi: |
||
| 300 | _a268p | ||
| 650 | _aEnglish Novel | ||
| 942 |
_cBK _2ddc _h823.91 _iMAL/D _k823.91 _mMAL/D |
||